Geographie des Welthandels

Enregistré dans:
Détails bibliographiques
Format: Livre
Langue:allemand
Publié: Wien Seidel & Sohn 1926
Tags: Ajouter un tag
Pas de tags, Soyez le premier à ajouter un tag!

MARC

LEADER 00000nam a2200000 4500
001 0313553
005 20251210095208.1
041 0 |a ger 
044 |a AT 
245 1 0 |a Geographie des Welthandels  |c Karl Andree 
264 1 |a Wien  |b Seidel & Sohn  |c 1926